Statistics for 10 Easternmost Countries in Africa

Click here to take the quiz!

General Stats

  • This quiz has been taken 4,833 times
  • The average score is 9 of 10

Answer Stats

LongitudeCountry% Correct
51°27'ESomalia
98%
50°40'EMadagascar
95%
48°00'EEthiopia
94%
41°00'EKenya
94%
43°07'EEritrea
93%
43°25'EDjibouti
92%
56°16'ESeychelles
91%
63°30'EMauritius
89%
40°45'EMozambique
88%
44°32'EComoros
85%

Score Distribution

Percentile by Number Answered

Percent of People with Each Score

Your Score History

You have not taken this quiz